Las pintoras españolas : (Record no. 117993)

MARC details
000 -LEADER
campo de control de longitud fija 00820nam a2200205 i 4500
001 - NÚMERO DE CONTROL
campo de control 117993
003 - IDENTIFICADOR DE NÚMERO DE CONTROL
campo de control ES-MaACL
005 - FECHA Y HORA DE LA ÚLTIMA TRANSACCIÓN
campo de control 20250929063156.0
007 - CAMPO FIJO DE DESCRIPCIÓN FÍSICA--INFORMACIÓN GENERAL
campo de control de longitud fija t|
008 - DATOS DE LONGITUD FIJA--INFORMACIÓN GENERAL
campo de control de longitud fija 070214s1903 sp r ||||1| spa d
080 ## - NÚMERO DE LA CLASIFICACIÓN DECIMAL UNIVERSAL
Número de la Clasificación Decimal Universal 929-055.2(460)"15/19":75
100 0# - ENTRADA PRINCIPAL--NOMBRE DE PERSONA
Nombre de persona Parada y Santín, José,
Fechas asociadas al nombre 1857-1923
9 (RLIN) 88911
245 14 - MENCIÓN DEL TÍTULO
Título Las pintoras españolas :
Resto del título boceto histórico-biográfico y artístico /
Mención de responsabilidad, etc. por José Parada y Santín ; precedido de un prólogo del Excmo. e Ilmo. Sr. D. Ángel Avilés.
260 ## - PUBLICACIÓN, DISTRIBUCIÓN, ETC.
Lugar de publicación, distribución, etc. Madrid :
Nombre del editor, distribuidor, etc. [s.n.],
Fecha de publicación, distribución, etc. 1903 (
Fabricante Imp. del Asilo de Huérfanos del S.C. de Jesús)
300 ## - DESCRIPCIÓN FÍSICA
Extensión 94 p. ;
Dimensiones 19 cm.
650 #4 - PUNTO DE ACCESO ADICIONAL DE MATERIA--TÉRMINO DE MATERIA
Término de materia o nombre geográfico como elemento de entrada Pintoras-
Subdivisión geográfica España.
9 (RLIN) 154089
700 1# - ENTRADA AGREGADA--NOMBRE PERSONAL
Nombre de persona Avilés, Ángel,
Fechas asociadas al nombre 1842-1924
9 (RLIN) 24062
852 ## - LOCALIZACIÓN
Ubicación ES-MaACL
Número de control de estantería T-1059-F-2
Nota libre - Dedicatoria autógrafa del autor
Holdings
Estatus retirado Estado de pérdida Estado de daño No para préstamo Colección Biblioteca de origen Biblioteca actual Ubicación en estantería Fecha de adquisición Fuente de adquisición Total de préstamos Signatura topográfica completa Código de barras Visto por última vez Precio de reemplazo Tipo de ítem Koha
        Colección de folletos Biblioteca del Ateneo de Madrid Biblioteca del Ateneo de Madrid Depósito folletos 17/01/2008     T-1059-F-2 1123010 23/02/2023 23/02/2023 Folleto